Σχεδίαση θέσης εργασίας για περιβάλλον ηλεκτρονικού υπολογιστή, με παραμέτρους που αφορούν άτομα με κινητικά προβλήματα : διπλωματική εργασία
Σχεδίαση θέσης εργασίας για ηλεκτρονικό υπολογιστή σύμφωνα με εργονομική και εμβιομηχανική ανάλυση των προβλημάτων που συναντώνται με την μεγαλύτερη συχνότητα στην κινητική αναπηρία. Περιορισμός της κινητικής αναπηρίας σε λειτουργικές δυσκολίες που αφορούν τα άνω άκρα, τον κορμό και το κεφάλι....
Αποθηκεύτηκε σε:
| Κύριος συγγραφέας: | |
|---|---|
| Συγγραφή απο Οργανισμό/Αρχή: | |
| Άλλοι συγγραφείς: | |
| Μορφή: | Thesis Βιβλίο |
| Γλώσσα: | Greek |
| Δημοσίευση: |
2008
|
| Θέματα: | |
| Διαθέσιμο Online: | http://hdl.handle.net/11610/9230 |
| Ετικέτες: |
Προσθήκη ετικέτας
Δεν υπάρχουν, Καταχωρήστε ετικέτα πρώτοι!
|
MARC
| LEADER | 00000cam a2200000 i 4500 | ||
|---|---|---|---|
| 001 | 1/94814 | ||
| 008 | 081001s2008 gre d | ||
| 035 | |l 10100580 | ||
| 040 | |a GR-MY-UA |b gre |e aacr | ||
| 041 | 0 | |a gre | |
| 082 | 0 | |a 684.10087 |2 (22) | |
| 100 | 1 | |a Καλοσκάμπη, Ευαγγελία. | |
| 245 | 1 | 0 | |a Σχεδίαση θέσης εργασίας για περιβάλλον ηλεκτρονικού υπολογιστή, με παραμέτρους που αφορούν άτομα με κινητικά προβλήματα : |b διπλωματική εργασία / |c Καλοσκάμπη Ευαγγελία ; επιβλέπων: Δ. Ναθαναήλ |
| 260 | |c 2008 | ||
| 300 | |a 89 φύλλα; |b εικ.; |c 30 εκ. | ||
| 500 | |a Διάθεση πλήρους κειμένου | ||
| 500 | |a Ελεύθερη πρόσβαση όσον αφορά στην δημοσιοποίηση του ηλεκτρονικού υλικού | ||
| 502 | |a Πτυχιακή εργασία – Πανεπιστήμιο Αιγαίου, Σύρος, 2008. | ||
| 504 | |a Βιβλιογραφία: σ. [87]-89 | ||
| 520 | |a Σχεδίαση θέσης εργασίας για ηλεκτρονικό υπολογιστή σύμφωνα με εργονομική και εμβιομηχανική ανάλυση των προβλημάτων που συναντώνται με την μεγαλύτερη συχνότητα στην κινητική αναπηρία. Περιορισμός της κινητικής αναπηρίας σε λειτουργικές δυσκολίες που αφορούν τα άνω άκρα, τον κορμό και το κεφάλι. | ||
| 650 | 0 | 0 | |a Computer furniture |x Design. |
| 650 | 0 | 0 | |a Computers and people with disabilities. |
| 650 | 0 | 0 | |a Dissertations, Academic |z Greece. |
| 700 | 1 | |a Ναθαναήλ, Δημήτρης. |4 ths | |
| 710 | 2 | |a Πανεπιστήμιο Αιγαίου. |b Τμήμα Μηχανικών Σχεδίασης Προϊόντων και Συστημάτων. | |
| 852 | |a INST |b SYROS |c DIATR |e 20081001 |h 684.10087 ΚΑΛ |p 005500009063 |q 005500009063 |t DIE |y 23 | ||
| 852 | |a INST |b SYROS |c DIATR |e 20081001 |h 684.10087 ΚΑΛ |p 005500009064 |q 005500009064 |t DIE |y 23 | ||
| 856 | |u http://hdl.handle.net/11610/9230 | ||
| 901 | |a BIBL5-2008-2 | ||
| 909 | |a Ε |b 133867 | ||
| 909 | |a Ε |b 133868 | ||
| 924 | |a ΚΑΛΟΣΚΑΜΠΗ |b ΕΥΑΓΓΕΛΙΑ |y ΣΥΡΟΣ |z 2008-05 | ||
| 970 | |a ΚΟΝΤΟΥ |b ΠΑΡΑΣΚΕΥΗ |z 2008/10/01 | ||